00714nam a22002297a 450000500170000001000130001702000100003003500130004003700160005304000120006908200130008110000250009424500490011926000320016827000410020030000280024165000200026965000320028994200220032199900190034395201220036220170124105942.0 aA-750858 c70.00 aA-750858 bCen Lib/Ret aDPLbEN a250bPAL aPallis, Marco911604 aThe way and the mountain /cby Marco Pallis  aNew DelhibRupa & Co.c1991 a7/16 Ansari Road bNew Delhie110002 a226p. :c19cm(Hb)bill. aBuddhism.91068 a Dge-lugs-pa (Sect) 911605 2ddccENh250mPAL c124686d124686 00104070aLbLd2015-06-18eCen Lib/Retg70.00l0o250 PALpA-750858r2015-06-18 00:00:00t1v70.00w2015-06-18yEN